Connecticut County Seats - Statistics

General Stats
  • This quiz has been taken 8 times
  • The average score is 6 of 8
Answer Stats
County County Seat % Correct
Fairfield Bridgeport
100%
Hartford Hartford
100%
New Haven New Haven
100%
New London New London
100%
Litchfield Litchfield
88%
Middlesex Middletown
50%
Tolland Rockville
25%
Windham Willimantic
25%
No matching quizzes found
Score Distribution
Percent of People with Each Score
Percentile by Number Answered
Your Score History
You have not taken this quiz